000 00634nam a22001937a 4500
999 _c157863
_d157863
005 20181006122023.0
010 _aENG-124188
020 _a9789352808021
_c395.00
035 _aEN-107720
037 _bDBAD/PUB
082 0 0 _a954.08
100 _aSunderlal
245 1 0 _aBritish rule in india /
_cby Sunderlal
260 _a New Delhi
_bSAGE Publications,
_c2018
270 _aB1/I-1 Mohan Cooperative Industrial Area, Mathura Road
_b New Delhi
_e110044
300 _aix,536p.
_c22 cm.(pbk)
500 _aIt include Epilogue, bibliography, annals, index and about the author.
942 _2ddc
_cEN
_h954.08
_mSUN